La Bioética y el catecismo de la Iglesia católica /
Guardat en:
| Autor principal: | |
|---|---|
| Format: | Text |
| Matèries: | |
| Etiquetes: |
Afegir etiqueta
Sense etiquetes, Sigues el primer a etiquetar aquest registre!
|
MARC
| LEADER | 00000 a a2200000 04500 | ||
|---|---|---|---|
| 001 | 12490 | ||
| 003 | |||
| 040 | |||
| 100 | |a Santos, Modesto | ||
| 245 | |a La Bioética y el catecismo de la Iglesia católica / |c Modesto Santos | ||
| 650 | |a BIOETICA | ||
| 650 | |a IGLESIA CATOLICA | ||
| 650 | |a BIOTECNOLOGIA | ||
| 773 | |g volumen 2, número 2; páginas 57-85 | ||
| 999 | |c 31470 |d 31470 | ||
